Statistics for Pokemon Moves Quiz

Click here to take the quiz!

General Stats

  • This quiz has been taken 36,100 times
    (35,988 since last reset)
  • The average score is 12 of 20

Answer Stats

HintAnswer% Correct
Magikarp uses it...
but nothing happens!
Splash
98%
HM that allows you to travel on waterSurf
91%
A favorite defense moves of
Silcoons and Metapods
Harden
90%
HM used to move bouldersStrength
87%
The most basic Normal move, a
favorite among Rattatas
Tackle
85%
Ditto's specialtyTransform
81%
Creates illusory copies to
raise evasiveness
Double Team
70%
More extreme version of Absorb, that
steals half the HP drained
Giga Drain
68%
Electrode favorite that causes user to faintSelfdestruct
66%
Normal move that makes the opponent
switch out or run away
Roar
56%
Skitty favorite. Leaves opponents infatuatedAttract
51%
Stores energy for two turns, then
strikes on the third
Bide
49%
40% chance of stealing opponent's itemThief
47%
Copies the opponent's last move;
known only by Smeargle
Sketch
41%
A move only Castform can learn;
changes conditions
Weather Ball
38%
A powerful watery blast, but the user
is immobilized next turn
Hydro Cannon
37%
Dark move that feigns crying
to lower defense
Fake Tears
34%
Allows Normal and Fighting moves to hit
Ghosts, and raises evasiveness
Foresight
26%
Romantic move. Puts opponent to sleepLovely Kiss
25%
In a double battle, randomly uses
a partner's move
Assist
22%

Score Distribution

Percentile by Number Answered

Percent of People with Each Score

Your Score History

You have not taken this quiz since the last reset